000
00206 a2200097 4500
001
23135
100
_a
Faris, N A
245
_a
Book of Knowledge
260
_a
_b
Sh. M. Ashraf
_c
1966
090
_c
15675
_d
15675
942
_a
NUST-CAE
_c
M
_c
6308
999
_c
258208
_d
258208